Financovanie malých a stredných podnikov s podporou EÚ - program JEREMIE
Spoločné európske zdroje pre malé a stredné podniky, je iniciatíva Európskej komisie a Európskeho investičného fondu, k zlepšeniu prístupu európskych MSP ku kapitálu v rámci štrukturálnych fondov pre programové obdobie 2007 až 2013. Využívanie zdrojov z EÚ v rámci JEREMIE (Joint European Resources f...
Gespeichert in:
| 1. Verfasser: | |
|---|---|
| Format: | Buchkapitel |
| Sprache: | Slowakisch |
| Schlagworte: | |
| Tags: |
Keine Tags, Fügen Sie das erste Tag hinzu!
|
MARC
| LEADER | 00000naa a2200000 4500 | ||
|---|---|---|---|
| 001 | 0177721 | ||
| 005 | 20221104122904.9 | ||
| 041 | 0 | |a slo | |
| 044 | |a SK | ||
| 245 | 1 | 0 | |a Financovanie malých a stredných podnikov s podporou EÚ - program JEREMIE |c Juraj Topolčány |
| 520 | |a Spoločné európske zdroje pre malé a stredné podniky, je iniciatíva Európskej komisie a Európskeho investičného fondu, k zlepšeniu prístupu európskych MSP ku kapitálu v rámci štrukturálnych fondov pre programové obdobie 2007 až 2013. Využívanie zdrojov z EÚ v rámci JEREMIE (Joint European Resources for Micro and Medium Enterprises). | ||
| 610 | 2 | 0 | |a Európska komisia |
| 610 | 2 | 0 | |a fondy Európskej únie |
| 610 | 2 | 0 | |a fondy investičné |
| 610 | 2 | 0 | |a projekty medzinárodné |
| 610 | 2 | 0 | |a podpora podnikania |
| 610 | 2 | 0 | |a podnik malý |
| 610 | 2 | 0 | |a podnik stredný |
| 100 | 1 | |a Topolčány, Juraj | |